Central Library OPAC University of Rajshahi

Cabinet government and war, (1890-1940) / (Record no. 5896)

MARC details
000 -LEADER
fixed length control field 00974nam a2200337I 4500
001 - CONTROL NUMBER
control field 5896
003 - CONTROL NUMBER IDENTIFIER
rucl marc code BD-RjUL
005 - DATE AND TIME OF LATEST TRANSACTION
control field 20211208234141.0
008 - FIXED-LENGTH DATA ELEMENTS--GENERAL INFORMATION
fixed length control field 14 t1958 u 001 0 eng u
035 ## - SYSTEM CONTROL NUMBER
System control number (BD-RjUL)5935
System control number (OCoLC)00513346
System control number GLIS00502291
040 ## - CATALOGING SOURCE
Transcribing agency WSU
Modifying agency m/c
-- RCD
-- BD-RjUL
Original cataloging agency BD-RjUL
Language of cataloging eng
041 ## - LANGUAGE CODE
Language code of text/sound track or separate title eng
082 04 - DEWEY DECIMAL CLASSIFICATION NUMBER
Edition number 16
Classification number 354.42
Author mark and year EHC 1958
090 ## - LOCALLY ASSIGNED LC-TYPE CALL NUMBER (OCLC); LOCAL CALL NUMBER (OCLC)
Classification number (OCLC) (R) ; Classification number, CALL (RLIN) (NR) JN401
Local cutter number (OCLC) ; Book number/undivided call number, CALL (RLIN) .E33
099 ## - LOCAL FREE-TEXT CALL NUMBER (OCLC)
Bangla Class number JN401.E33
100 1# - MAIN ENTRY--PERSONAL NAME
Personal name Ehrman, John.
9 (RLIN) 18530
245 10 - TITLE STATEMENT
Title Cabinet government and war, (1890-1940) /
Statement of responsibility, etc. by John Ehrman.
260 ## - PUBLICATION, DISTRIBUTION, ETC. (IMPRINT)
Place of publication, distribution, etc. Cambridge [Eng.]
Name of publisher, distributor, etc. University Press,
Date of publication, distribution, etc. c1958.
300 ## - PHYSICAL DESCRIPTION
Pagination 137 p. ;
Size 22 cm.
490 10 - SERIES STATEMENT
Series statement Lees Knowles lectures ;
Volume/sequential designation 1957
504 ## - BIBLIOGRAPHY, ETC. NOTE
Bibliography, etc Includes index.
650 #0 - SUBJECT ADDED ENTRY--TOPICAL TERM
Topical term or geographic name as entry element Cabinet system
Geographic subdivision Great Britain.
9 (RLIN) 13849
Topical term or geographic name as entry element World War, 1914-1918
Geographic subdivision Great Britain.
9 (RLIN) 10614
830 #0 - SERIES ADDED ENTRY--UNIFORM TITLE
Volume number/sequential designation 1957.
Uniform title Lees Knowles lectures ;
942 ## - ADDED ENTRY ELEMENTS (KOHA)
Source of classification or shelving scheme Dewey Decimal Classification
Koha item type Books
949 ## - LOCAL PROCESSING INFORMATION (OCLC)
a MYGD
Holdings
Lost status Source of classification or shelving scheme Damaged status Not for loan Collection code Permanent Location Current Location Shelving location Date acquired Source of acquisition Cost, normal purchase price Total Checkouts Full call number Date last seen Copy number Koha item type
  Dewey Decimal Classification   Not For Loan Non-fiction Central Library, University of Rajshahi Central Library, University of Rajshahi   15/03/1963 Zeitlinger 16.00   354.42 EHC 1958 08/01/2014 C-1 Books